ՀՀ Գիտությունների ազգային ակադեմիայի հիմնարար գիտական գրադարան  =   Fundamental Scientific Library of NAS RA

Մայրենի լեզու : (Record no. 108624)

MARC details
000 -LEADER
fixed length control field 00933nam a2200229 u 4500
001 - CONTROL NUMBER
control field 000296042
003 - CONTROL NUMBER IDENTIFIER
control field AM-YeHGA
005 - DATE AND TIME OF LATEST TRANSACTION
control field 20250618071921.0
008 - FIXED-LENGTH DATA ELEMENTS--GENERAL INFORMATION
fixed length control field 031219s1987 ai r 000 0 arm d
040 ## - CATALOGING SOURCE
Original cataloging agency AM-YeHGA
041 0# - LANGUAGE CODE
Language code of text/sound track or separate title arm
090 ## - LOCALLY ASSIGNED LC-TYPE CALL NUMBER (OCLC); LOCAL CALL NUMBER (RLIN)
-- 109954
100 1# - MAIN ENTRY--PERSONAL NAME
Personal name Տեր-Գրիգորյան, Աշոտ Երեմի,
Dates associated with a name 1927-1988
9 (RLIN) 2455
245 10 - TITLE STATEMENT
Title Մայրենի լեզու :
Remainder of title Ընթերցարան : Դասագիրք 2-րդ դաս. համար /
Statement of responsibility, etc. Տեր-Գրիգորյան, Ս.Խ. Օհանյան, Ն.Դ. Մազմանյան; Նկ.՝ Լ.Հ. Մանասերյան.
250 ## - EDITION STATEMENT
Edition statement 13-րդ հրատ.
260 ## - PUBLICATION, DISTRIBUTION, ETC.
Place of publication, distribution, etc. Երևան :
Name of publisher, distributor, etc. Լույս,
Date of publication, distribution, etc. 1987.
300 ## - PHYSICAL DESCRIPTION
Extent 248 էջ :
Other physical details գուն. նկ.
650 14 - SUBJECT ADDED ENTRY--TOPICAL TERM
Topical term or geographic name entry element Հայոց լեզու
Form subdivision Ընթերցարան
9 (RLIN) 4817
700 1# - ADDED ENTRY--PERSONAL NAME
Personal name Օհանյան, Սուրեն Խուրշուդի.
700 1# - ADDED ENTRY--PERSONAL NAME
Personal name Մազմանյան, Նազիկ Դավթի.
700 1# - ADDED ENTRY--PERSONAL NAME
Personal name Մանասերյան, Լ.Հ.
Relator term նկ.
Relationship ill
Holdings
Withdrawn status Lost status Damaged status Not for loan Collection Home library Current library Date acquired Total checkouts Full call number Barcode Date last seen Price effective from Koha item type Public note
        General Fundamental Scientific Library Fundamental Scientific Library 22/12/2016   809.198.1-86 220074081 22/12/2016 22/12/2016 Գրքեր / Books 30 Days Loan


ՀՀ ԳԱԱ հիմնարար գիտական գրադարան
ՀՀ,Երևան 0019
Մարշալ Բաղրամյան 24/6
հեռախոս:(374-10) 52-47-50
Հետադարձ կապ

All site content, except where otherwise noted, is licensed under a
Creative Commons License